| 000 | 00879cam a2200229 a 4500 | ||
|---|---|---|---|
| 001 | 000018092 | ||
| 005 | 20240226144327.0 | ||
| 008 | 860227s1970 sp 001 0 spa d | ||
| 040 |
_aDO-SdBNP _bspa _cDLC _dBNPHU |
||
| 082 |
_a987 _bB325n |
||
| 100 | 1 |
_aBasterra, Ramón de, _d1888-1928. _939218 |
|
| 245 | 1 | 4 |
_aLos navíos de la ilustración : _buna empresa del siglo XVIII / _cRamón de Basterra ; prólogo Guillermo Díaz-Plaja. |
| 260 |
_aMadrid, España : _bEdiciones Cultura Hispánica, _c1970. |
||
| 300 |
_a293 p. ; _c22 cm. |
||
| 504 | _aIncluye referencias bibliográficas | ||
| 504 | _aIncluye notas al pie de las páginas. | ||
| 651 | 4 |
_aVenezuela _xHistoria _ySIGLO XVIII _939219 |
|
| 610 | 2 | 4 |
_aREAL COMPAÑIA GUIPUZCOANA DE CARACAS _939220 |
| 700 | 1 |
_aDíaz-Plaja, Guillermo, _d1909-1984 _epról. _916967 |
|
| 910 | _aCatalogación por copia / LC | ||
| 049 | _aBNGR | ||
| 999 |
_c17614 _d17614 |
||